Tiết diện tán xạ Compton của gamma có năng lượng 63,5KeV - 2MeV bằng phương pháp mô phỏng MCNP : Luận văn Thạc sĩ Vật lý. Ngành Vật lý Kỹ thuật

Lý thuyết về bức xạ gamma và tiết diện tán xạ Compton, tính tiết diện tán xạ Compton bằng chương trình mô phỏng MCNP và kết quả khảo sát tiết diện tán xạ Compton trên vật liệu nhôm bằng chương trình....

وصف كامل

محفوظ في:
التفاصيل البيبلوغرافية
المؤلف الرئيسي: Đinh, Thị Minh Hương
التنسيق: كتاب
اللغة:Undetermined
منشور في: Cần Thơ Trường Đại học Cần thơ 2013
الموضوعات:
الوسوم: إضافة وسم
لا توجد وسوم, كن أول من يضع وسما على هذه التسجيلة!
Thư viện lưu trữ: Trung tâm Học liệu Trường Đại học Cần Thơ
LEADER 01202nam a2200217Ia 4500
001 CTU_185412
008 210402s9999 xx 000 0 und d
082 |a 537.535 
082 |b H561 
088 |a 60440103 
100 |a Đinh, Thị Minh Hương 
245 0 |a Tiết diện tán xạ Compton của gamma có năng lượng 63,5KeV - 2MeV bằng phương pháp mô phỏng MCNP : 
245 0 |b Luận văn Thạc sĩ Vật lý. Ngành Vật lý Kỹ thuật 
245 0 |c Đinh Thị Minh Hương ; Châu Văn Tạo (người hướng dẫn khoa học) 
260 |a Cần Thơ 
260 |b Trường Đại học Cần thơ 
260 |c 2013 
520 |a Lý thuyết về bức xạ gamma và tiết diện tán xạ Compton, tính tiết diện tán xạ Compton bằng chương trình mô phỏng MCNP và kết quả khảo sát tiết diện tán xạ Compton trên vật liệu nhôm bằng chương trình. 
650 |a Tia Gamma,Tán xạ (Vật lý),Gamma,Scattering (Physics) 
904 |i Bích Phượng, Trúc 
980 |a Trung tâm Học liệu Trường Đại học Cần Thơ